Effect of nanosized mesoporous MCM-41 (with template) material on properties of natural rubber nanocomposites (Record no. 57984)

MARC details
000 -LEADER
fixed length control field 00627nam a2200217Ia 4500
100 ## - MAIN ENTRY--AUTHOR NAME
Personal name Wang N
245 #0 - TITLE STATEMENT
Title Effect of nanosized mesoporous MCM-41 (with template) material on properties of natural rubber nanocomposites
260 ## - PUBLICATION, DISTRIBUTION, ETC. (IMPRINT)
Name of publisher Plastics, Rubber and Composites
Year of publication 2011
300 ## - PHYSICAL DESCRIPTION
Number of Pages 402-406
500 ## - GENERAL NOTE
General note Source Year: 2011
650 ## - SUBJECT ADDED ENTRY--TOPICAL TERM
Topical Term Mechanical properties
650 ## - SUBJECT ADDED ENTRY--TOPICAL TERM
Topical Term Natural rubber
650 ## - SUBJECT ADDED ENTRY--TOPICAL TERM
Topical Term Polymer matrix composites
650 ## - SUBJECT ADDED ENTRY--TOPICAL TERM
Topical Term Thermal analysis
700 ## - ADDED ENTRY--PERSONAL NAME
Personal name Chen E F
700 ## - ADDED ENTRY--PERSONAL NAME
Personal name Fang Q H
700 ## - ADDED ENTRY--PERSONAL NAME
Personal name Yu S
700 ## - ADDED ENTRY--PERSONAL NAME
Personal name Zhang J
942 ## - ADDED ENTRY ELEMENTS (KOHA)
Koha item type Journals
Holdings
Withdrawn status Lost status Damaged status Not for loan Home library Current library Shelving location Date acquired Serial Enumeration / chronology Koha item type
      Journals RRII Library RRII Library Rubber technology 25/11/2011 Volume 40, Issue 8 Journals